000 00372nam a22001697a 4500
005 20160616100527.0
008 160616b xxu||||| |||| 00| 0 eng d
020 _a81-203-1215-5
041 _aeng
082 _b7898
100 _aKoshy, Darlie O
_92050
245 _aGament Exports
260 _bPHI
_c1997
300 _a257
650 _aManagement
_9241
942 _cBK
999 _c2868
_d2867